[Event "Michigan Masters/Experts"]
[Site "Auburn Hills, MI"]
[Date "2002.04.28"]
[Round "4.2"]
[White "Calton, Bill"]
[Black "Rogers, Bradley"]
[Result "1/2-1/2"]
[WhiteElo "2209"]
[BlackElo "2009"]
[Annotator "Tim McGrew"]
[PlyCount "127"]
[EventDate "2002.04.26"]

{King's Indian: Four Pawns (Dynamic)} 1. d4 Nf6 2. c4 c5 3. d5 g6 4. Nc3 d6 5.
e4 Bg7 6. f4 O-O 7. Nf3 Bg4 $6 {This move has a poor reputation. Black's
problem is that his pawn structure clearly dictates queen-side play with ...b5,
which is hard to enforce here without elaborate preparation, while White's
natural plan of pawn breaks with e5 or f5 is ready to roll in just a few moves.
To cope with this disparity in timing of the respective wing attacks, Black
needs to break with ...e6 now -- not five moves down the line.} (7... e6 8.
dxe6 {and now the best-scoring idea for Black has been the plucky} fxe6 $5 {
when Black has, among other ideas, the plan of ...Nc6-d4 and ...e5 cementing
his knight into place.}) 8. Be2 Na6 9. O-O Nc7 10. a4 {Step one in a
neutralization process against the Black queen-side plan of ...b5.} a6 11. h3
Bd7 12. a5 {Step two. Now, thanks to the en passant rule, White grips the
Black queen-side and Black will have to accept an isolated a-pawn in order to
open a file.} Rb8 13. g4 {Quite committal. If the coming king-side assault
fails, White will be left without pawn cover for his king.} b5 {Black proceeds
with the queen-side plan. White is naturally reluctant to allow Black a
powerful b-pawn, so he takes it en passant as planned.} (13... h5 $5 {comes
into consideration, trying to prove that the White king-side pawns are already
a liability.}) 14. axb6 Rxb6 15. Qe1 {A natural move in such positions. White
wants his queen on h4, after which he can contemplate the standard sacrifice
f5!? with Bh6 to follow.} ({Perhaps White can pull the trigger right away with
} 15. e5 $5 {In a position like this it is not humanly possible to foresee all
of the coming tactics, but here are some sample variations -- hardly forced --
that illustrate a few of White's ideas:} Nfe8 (15... dxe5 16. fxe5 Nfe8 17. Qd3
{and in addition to his enormous central pressure White has the annoying
threat of Qe3 picking up the hapless Black c-pawn.}) 16. Bd3 h5 {Apparently
tactically feasible, but White proceeds resolutely.} 17. gxh5 Bxh3 18. hxg6 {
White doesn't even pause: the goal is the removal of the entire Black
king-side pawn formation.} Bxf1 19. gxf7+ Rxf7 20. e6 $5 {This creates a wall
between the Black king-side and the potential defenders on the queen-side.}
Rxf4 {Again, this is apparently tactically sustainable but White has his eye
on his piece activity.} 21. Bxf4 Bxd3 22. Qxd3 Rxb2 23. Qg6 {Now things are
beginning to look grim for the Black monarch.} Nf6 24. Qf7+ Kh7 (24... Kh8 25.
Nh4 $18 {and the threat of Ng6+ followed by Nxe7 is devastating.}) 25. Nd1 $1
Rb8 26. Ng5+ Kh8 27. Ra3 $18 {and there is no good answer to the coming check
at h3.}) 15... e6 {Black wakes up to the danger and breaks in the center
before White's king-side pressure becomes overwhelming.} 16. dxe6 ({White can
make a complete mess of the position with} 16. e5 $5 Nfe8 (16... dxe5 17. fxe5
Nfe8 18. d6 Na8 19. Ne4 $18 {leaves Black wholly disorganized}) 17. Qg3 {This
position is a tactical jungle that I have no intention of entering!}) 16...
fxe6 17. g5 $6 {This invites Black's knight to camp out on h5 where it really
does seem to slow down the attack.} ({Once again I'm inclined to give
preference to the thematic move} 17. e5 $5 {when the momentum seems to be on
White's side, e.g.} Nfe8 (17... dxe5 18. fxe5 Nfe8 19. Qf2 Rc6 20. Rd1 Qc8 21.
Qh4 $16 {and with the pressure against b2 relaxed, White can start planning
things like Bh6 and Ng5 when Black's life becomes very hard.}) 18. Qf2 dxe5 19.
fxe5 Qe7 20. Ne4 $16 {and I would certainly rather be White than Black.}) 17...
Nh5 18. Qh4 {If bishops could jump, White would play Bxh5 here and be winning.
But to pull this off in the real world, he has to move his knight away from f3;
and it has, unfortunately, no good squares to go to.} Bc6 {Well played. Now,
Black orchestrates play against the White center and the dream of a decisive
king-side attack disappears.} 19. Nd2 {Angling for Bxh5, but now Black shows
why White cannot afford the time for this.} Bd4+ 20. Kg2 Ng7 {This is an ant
moment. White's death-or-glory pawn rush on the king-side has been halted, and
his position looks not so much aggressive as overextended. White must now
recalibrate his expectations and start thinking about how to equalize.} 21. Bf3
{Not the best decision, for tactical reasons.} Rf7 {Not bad, but not the most
incisive.} (21... Be3 $1 {is the right way to take advantage of White's
weaknesses. To defend f4, White is almost forced to give up something else, e.
g.} 22. Bd1 (22. Ne2 e5 $1 {with the very unpleasant threat of 23...exf4 as
well as the simple 23....Bxd2 and 24...Rxb2.}) 22... Bxd2 23. Bxd2 Rxb2 $19)
22. Ra3 Qf8 {Consistently piling up on the f-pawn.} (22... Be3 $5 {is still
worth investigating, e.g.} 23. Ne2 Bxd2 24. Bxd2 Rxb2 25. Bc3 Rxe2+ $1 26. Bxe2
Nf5 27. Qf2 Bxe4+ {and Black's piece activity remains the dominant feature of
the position.}) 23. Rb3 Rb4 $6 {Black flinches.} (23... Rxf4 $1 24. Qg3 Nh5 25.
Qe1 Rxb3 26. Nxb3 Bxc3 27. Qxc3 Rxf3 28. Qxf3 Bxe4 $1 29. Qxe4 Qxf1+ 30. Kxf1
Ng3+ {and Black's two extra pawns should be sufficient to win this endgame.})
24. Ne2 Rxb3 25. Nxb3 e5 26. Nbxd4 cxd4 27. Qg3 d3 28. Nc3 exf4 29. Qf2 {Once
again we can see that White's position is more precarious than Black's. After
this move the pendulum swings once more and White is struggling for survival.}
Nce6 30. Qb6 Qa8 31. h4 Nc5 32. Nd5 Bxd5 33. cxd5 Qf8 34. b4 Nb3 35. Bb2 Nd2
36. Rf2 Nc4 (36... Nxf3 37. Kxf3 Qc8 {eyeing h3 looks dangerous. White
probably has to defend with} 38. Rh2 {when Black can trade his d-pawn for
king-side squares with} d2 39. Qd4 Qc1 $1 40. Rxd2 (40. Qxd2 Qf1+ 41. Kg4)
40... Qe1 41. Rc2 Qg3+ 42. Ke2 f3+ 43. Kf1 Qh3+ 44. Kg1 Rc7 $1) 37. Qxa6 Rc7
38. b5 Qc8 39. Qxc8+ Rxc8 40. Bg4 Ne3+ 41. Kf3 Nxg4 42. Kxg4 Nh5 43. Ba3 $2 (
43. Rd2 $1 {gives White a clear advantage.}) 43... Rc3 $1 {A very nice shot.
The threat is not so much the obvious ...Rxa3 as the mating net created after .
..d2! with ....Rg3# in view.} 44. Rd2 {White reconciles himself to the loss of
a piece.} Rxa3 45. b6 Rb3 46. b7 Rxb7 47. Rxd3 Kf7 {A little slack. Black
should play to exploit the semi-trapped White king.} (47... Rb1 $1 48. Ra3 (48.
Rd2 Rb3 49. Rg2 Rg3+ 50. Rxg3 fxg3 $19) 48... Rg1+ 49. Kh3 Rg3+ 50. Rxg3 Nxg3
51. Kg4 Nxe4 52. Kxf4 Nc3 {is a painless win for Black.}) 48. Ra3 Ke7 49. Kf3 {
Now the king is not on such a precarious square, and White's rook can afford
to leave the third rank.} Kd7 50. Rc3 Rb1 51. Ra3 Rf1+ 52. Kg2 Re1 53. Ra7+ Kc8
54. Rxh7 Rxe4 55. Rh6 Ng3 {White's hope for a draw in this position is largely
bound up with two objectives: to get rid of all of Black's pawns (without
losing his rook!), or to rush forward with two connected passers on the
king-side. Black should therefore take the time to eliminate White's h-pawn,
after which it is not clear that White can draw.} (55... Re2+ 56. Kf3 Re3+ 57.
Kf2 Kd7 58. Rxg6 Rh3 $1 59. Rh6 Rxh4 60. g6 Ke7 61. Kf3 Kf6 62. g7+ Kxg7 63.
Rxd6 Kf7 {Black blockad es the White d-pawn with his king and White is left
without a decent source of counterplay.}) 56. Rxg6 {Now White has his two
passers, and a draw starts to look like an attainable goal.} Nf5 57. Rg8+ Kd7
58. h5 Re8 {After the trade of rooks, White needs only to be a bit careful to
obtain his half of the point.} 59. Rxe8 Kxe8 60. Kf3 Ne7 61. Kxf4 Nxd5+ 62. Kf5
{With the obvious intention of penetrating at e6 to mop up Black's last pawn.}
Kf7 63. g6+ Kg7 64. Ke6 {A tremendously interesting struggle.} 1/2-1/2

[Event "Michigan Masters/Experts"]
[Site "Auburn Hills, MI"]
[Date "2002.04.28"]
[Round "5.1"]
[White "Calton, Bill"]
[Black "Finegold, Ben"]
[Result "1-0"]
[WhiteElo "2209"]
[BlackElo "2631"]
[Annotator "Tim McGrew"]
[PlyCount "97"]
[EventDate "2002.04.26"]

{Old Benoni: Pawn Thrust} 1. d4 c5 2. d5 e5 3. c4 d6 4. Nc3 Be7 5. g3 f5 {
Black has a sort of super-charged King's Indian formation where he has already
got in the useful ...c5, slowing White's queen-side play. If he can get the
rest of his pieces into play rapidly, Black should stand well.} 6. Bg2 Nf6 7.
e4 O-O 8. Nge2 fxe4 (8... Qe8 $5 {is an interesting possibility. If White
castles king-side, Black can enter lines similar to the game except that White
has already given out the monarch's permanent address.}) 9. Nxe4 Nxe4 10. Bxe4
Qe8 11. Qc2 Qh5 12. h3 {Bill plays the spoiler and refuses to castle king-side.
Since a king-side attack is very much what Black is playing for in this line,
his decision makes sense.} Na6 13. a3 Bd7 14. Be3 Kh8 15. g4 {As clear as a
telegram: White will be castling queen-side.} Qh4 16. Ng1 b5 17. Nf3 Qf6 18.
Ng5 {One of the dangers Black faces here is that White will drop the knight on
e6, where it costs too much to remove it.} g6 19. cxb5 Nc7 20. a4 {Now White
has assets on both sides of the board and Black has a heavy long-term
defensive burden.} Rab8 21. h4 h6 22. Bxg6 (22. Ne6 $5 {looks promising, e.g.}
Nxe6 23. dxe6 Bxe6 24. Bxh6 Rg8 25. g5 Qf7 26. h5 gxh5 27. g6 {and Black is
not long for this world.}) 22... Nxd5 23. O-O-O Nb4 24. Qe4 d5 {DIAGRAM} (24...
Qg7 {is more tenacious, but it is hard to see this without the benefit of
hindsight.}) 25. Rxd5 $1 {Breaking up the monster center before Ben can get it
rolling. The material invested here is negligible, and the benefits in terms
of White's piece activity and Black's reduced counterplay are overwhelming.}
Nxd5 26. Qxd5 Bxg4 $6 (26... Qxg6 27. Qxd7 Rfe8 {would invite White to enter
the endgame under circumstances that offer Black slightly better defensive
chances, e.g.} 28. Qe6 Qxe6 29. Nxe6 Rec8 {and though White is still favored,
Black has some hopes of stirring up trouble on the queen-side with ...Rb6.})
27. Nf7+ Kg7 $2 {If we haven't passed it already, this may be the point at
which the game goes from bad to lost.} (27... Rxf7 28. Qxf7 (28. Bxf7 Bf3 $19)
28... Qxf7 29. Bxf7 h5 $16) 28. Bxh6+ Kxg6 29. Nxe5+ Kh7 (29... Kxh6 $4 30.
Nxg4+ $18) 30. Nxg4 Qf5 31. Qc4 Rfd8 32. Ne3 Qg6 33. Bg5 Rd4 34. Qc2 Bf8 35. b3
Bg7 36. Nf5 Rd5 37. Nxg7 {Now the ending is won for White.} Kxg7 38. Qxg6+ Kxg6
39. Rd1 Rxd1+ 40. Kxd1 a6 41. bxa6 Ra8 42. Kc2 Rxa6 43. Kc3 Kf5 44. Be3 Ra7 45.
Kc4 Rh7 46. Kxc5 Rxh4 47. a5 Rh1 48. b4 Ke6 49. Kc6 1-0

[Event "Michigan Class C"]
[Site "Auburn Hills, MI"]
[Date "2002.04.28"]
[Round "5.7"]
[White "Biache, August"]
[Black "Holden, Anthony"]
[Result "0-1"]
[WhiteElo "1455"]
[BlackElo "1477"]
[PlyCount "58"]
[EventDate "2002.04.26"]

1. e4 c5 2. f4 d6 3. Nf3 Bg4 4. Be2 Nf6 5. d3 Nc6 6. O-O c4 7. Be3 Bd7 8. Nd4
h5 9. f5 Qb6 10. Na3 Nxd4 11. Kh1 Qxb2 12. Nxc4 Qc3 13. Rc1 Nxe2 14. Bd2 Qxc4
15. dxc4 Nxc1 16. Bxc1 Nxe4 17. Bb2 Rc8 18. Qd4 Bc6 19. Rf4 Nc5 20. Qe3 h4 21.
Ba3 h3 22. Kg1 Bxg2 23. Bxc5 Rxc5 24. f6 Rhh5 25. Qg3 Rhg5 26. Rg4 gxf6 27.
Rxg5 fxg5 28. Qa3 Bg7 29. Qxa7 Bd4# 0-1

[Event "Michigan Class C"]
[Site "Auburn Hills, MI"]
[Date "2002.04.28"]
[Round "4.8"]
[White "Aldrich, Justin"]
[Black "Foord, Allan"]
[Result "1-0"]
[WhiteElo "1599"]
[BlackElo "1500"]
[PlyCount "95"]
[EventDate "2002.04.26"]

1. e4 c5 2. Nf3 Nc6 3. Bb5 a6 4. Bxc6 bxc6 5. O-O d6 6. c3 Nf6 7. Re1 Bg4 8. h3
Bh5 9. d3 Qc7 10. Bf4 e5 11. Bg5 Be7 12. Nbd2 O-O 13. Qc2 h6 14. Be3 Rab8 15.
Nh2 d5 16. Nb3 d4 17. cxd4 cxd4 18. Bd2 Bb4 19. Bxb4 Rxb4 20. Rec1 Rc8 21. Nc5
Qb6 22. b3 a5 23. g4 Bg6 24. Nf3 Re8 25. Na4 Qb5 26. Nd2 Qa6 27. a3 Rbb8 28.
Qc4 Qxc4 29. Rxc4 Re6 30. Rc5 Nd7 31. Rxa5 f6 32. Nc5 Nxc5 33. Rxc5 h5 34. Ra5
hxg4 35. hxg4 Bf7 36. Rb1 Ree8 37. a4 Rb4 38. Ra6 Reb8 39. Rxc6 Bxb3 40. Nxb3
Rxb3 41. Rxb3 Rxb3 42. Rc8+ Kf7 43. Kf1 Rxd3 44. a5 Ra3 45. Ra8 Ke6 46. a6 g6
47. a7 Kf7 48. Rh8 1-0

[Event "Michigan Class D/E"]
[Site "Auburn Hills, MI"]
[Date "2002.04.28"]
[Round "4.8"]
[White "Aguilar, Javier"]
[Black "Gibbs, Tony"]
[Result "1-0"]
[WhiteElo "1226"]
[BlackElo "1348"]
[PlyCount "59"]
[EventDate "2002.04.26"]

1. d4 d5 2. c4 dxc4 3. Nf3 Nf6 4. e3 e6 5. Bxc4 c5 6. O-O cxd4 7. exd4 Bd6 8.
Bg5 O-O 9. Nc3 Nbd7 10. Re1 Qc7 11. Bb3 h6 12. Bh4 a6 13. Rc1 b5 14. Ne4 Qb8
15. Nxd6 Qxd6 16. Bg3 Qb6 17. Ne5 Bb7 18. Nxd7 Nxd7 19. d5 exd5 20. Bxd5 Bxd5
21. Qxd5 Nf6 22. Qf3 Rfe8 23. h3 Rac8 24. Rxe8+ Rxe8 25. b3 Qa5 26. Rc2 Re1+
27. Kh2 Ra1 28. Rc8+ Kh7 29. Qf5+ g6 30. Qxf6 1-0

[Event "Vandenburg Cup.2"]
[Site "Lansing, MI"]
[Date "2002.05.04"]
[Round "2"]
[White "Asbury, Victor"]
[Black "Goetz, Robert"]
[Result "0-1"]
[WhiteElo "1563"]
[BlackElo "1461"]
[PlyCount "34"]
[EventDate "2002.05.04"]

1. c4 e5 2. Nc3 Bc5 3. g3 Nf6 4. Bg2 d6 5. Nf3 Nc6 6. O-O e4 7. Ng5 Bd4 8.
Ngxe4 Nxe4 9. Nxe4 f5 10. Nc3 Be6 11. d3 Qf6 12. Bd2 O-O-O 13. Rb1 h5 14. Qc1
Qg6 15. Nb5 h4 16. Nxd4 Nxd4 17. Be3 Nxe2+ 0-1

[Event "U.S. Amateur North U1600"]
[Site "Detroit, MI"]
[Date "2002.05.25"]
[Round "1.19"]
[White "Washington, Julian"]
[Black "Saylor, Oliver"]
[Result "0-1"]
[WhiteElo "684"]
[BlackElo "1377"]
[PlyCount "138"]
[EventDate "2002.05.25"]

1. d4 d5 2. h3 Nc6 3. e3 Nf6 4. Bb5 Bd7 5. Bxc6 Bxc6 6. Ne2 e6 7. a3 Bd6 8.
Nbc3 O-O 9. f3 Bd7 10. e4 dxe4 11. fxe4 e5 12. Bg5 exd4 13. Nd5 Be7 14. Bxf6
Bxf6 15. Nxf6+ Qxf6 16. Qxd4 Qh4+ 17. g3 Qe7 18. Nf4 Bc6 19. Nh5 Qxe4+ 20. Qxe4
Bxe4 21. Rh2 Rad8 22. Rd1 Rxd1+ 23. Kxd1 Bf3+ 24. Kc1 Bxh5 25. Rd2 Bg6 26. Rd7
Rc8 27. Rd4 Kf8 28. Ra4 a6 29. Rb4 b6 30. Rd4 Bf5 31. g4 Be6 32. Ra4 a5 33. Re4
Rd8 34. Re5 Rd6 35. Rh5 Kg8 36. Re5 f6 37. Re3 Kf7 38. Rc3 c5 39. b3 Rd4 40.
Re3 g6 41. Rf3 h5 42. g5 f5 43. c3 Rh4 44. Rd3 Ke7 45. Re3 f4 46. Re4 Rxh3 47.
Rxf4 Rxc3+ 48. Kb2 Rg3 49. b4 Rb3+ 50. Kc2 Rxa3 51. bxc5 bxc5 52. Re4 Kd6 53.
Rf4 Ke5 54. Rf6 Bf5+ 55. Kb2 Rg3 56. Ra6 h4 57. Rxa5 Kd5 58. Ra1 h3 59. Rd1+
Kc6 60. Rh1 Be4 61. Rh2 Rg2+ 62. Rxg2 hxg2 63. Kc3 g1=Q 64. Kb3 Qd4 65. Ka2
Bd5+ 66. Kb1 Qf2 67. Kc1 Bb3 68. Kb1 Qc2+ 69. Ka1 Qa2# 0-1

[Event "U.S. Amateur North"]
[Site "Detroit, MI"]
[Date "2002.05.25"]
[Round "2.7"]
[White "Vandivier, Don"]
[Black "Moore, Robert"]
[Result "1-0"]
[WhiteElo "1924"]
[BlackElo "1600"]
[Annotator "Don Vandivier"]
[PlyCount "49"]
[EventDate "2002.05.25"]

1. c4 Nf6 2. Nf3 g6 3. g3 Bg7 4. Bg2 O-O 5. d4 d6 6. Nc3 Nbd7 7. O-O c5 8. e4
cxd4 9. Nxd4 Rb8 ({A "book line" is:} 9... Ne5 10. b3 Bd7 11. Bb2 Qb6 12. Rb1
Rfc8 13. h3 Rab8 14. Kh1 a6 15. f4 Nc6 16. Nf3 Nh5 17. Ne2 Bxb2 18. Rxb2 Qe3
19. Qc1 {and White is slightly better.}) 10. h3 {I played this so I can
develop my Bishop to e3.} Ne5 11. b3 Bd7 12. Be3 {I think this is a better
system for White than the previous book line shown.} a6 13. Qd2 Qc8 14. Kh2 Nc6
15. Rac1 Nxd4 16. Bxd4 Qd8 {Black doesn't seem to know what to do with his
Queen.} 17. e5 $6 {I thought thi s was a winning move because it forced ...Ne8,
but in fact it should give Black the better game.} Ne8 $2 (17... dxe5 $1 18.
Bxe5 Ng4+ $1 19. hxg4 Bxe5) 18. Nd5 $1 b5 (18... Bc6 19. Bb6 Qd7 20. exd6 Nxd6
21. Rcd1) (18... e6 $4 19. Bb6) 19. exd6 Nxd6 20. c5 $6 (20. Bxg7 $1 {Is
correct because Black could have gained an important tempo.} Kxg7 21. c5 Ne8
22. c6 Be6 23. c7 Nxc7 24. Qb2+ Kg8 25. Nxc7) 20... Nf5 $2 (20... Bxd4 $1 21.
Qxd4 (21. cxd6 e5 22. f4 Kg7) 21... Nf5 22. Qf4 Bc6) 21. Bxg7 Nxg7 22. Rfd1 $6
({I rejected} 22. c6 $1 Bxc6 23. Rxc6 {because after} e6 {I thought Black won
the piece back... however I completely missed:} 24. Rd6 $3 {Wins the queen!})
22... Re8 $2 {I expected:} (22... Bc6 23. Nxe7+ Qxe7 24. Bxc6) 23. c6 Bxc6 24.
Rxc6 Ne6 25. Qe1 {and Black resigns because he will lose his queen or his
knight.} 1-0

[Event "U.S. Amateur North"]
[Site "Detroit, MI"]
[Date "2002.05.25"]
[Round "3.4"]
[White "Vandivier, Don"]
[Black "Mahabir, Jagdesh"]
[Result "1/2-1/2"]
[WhiteElo "1600"]
[BlackElo "1924"]
[PlyCount "77"]
[EventDate "2002.05.25"]

1. d4 Nf6 2. c3 e5 3. dxe5 Ng4 4. Nf3 Nc6 5. Bf4 Qe7 6. Qd5 f6 7. exf6 Nxf6 8.
Qd3 d6 9. Nbd2 g6 10. Bg5 Bf5 11. Bxf6 Qxf6 12. e4 Bd7 13. Qe3 O-O-O 14. Bb5
Kb8 15. Qg5 Bg7 16. O-O-O a6 17. Bxc6 Bxc6 18. Rhe1 Qf8 19. Kb1 Re8 20. Qg3 Ba4
21. Nb3 Qf7 22. Nfd2 Rhf8 23. f3 Bh6 24. Kc2 Bf4 25. Qf2 c5 26. Kb1 c4 27. Nd4
Bxd1 28. Rxd1 Bxd2 29. Qxd2 Qf4 30. Qf2 Rxe4 31. Nc6+ Kc7 32. Nb4 Qf5 33. Nd5+
Kb8 34. Ka1 Rfe8 35. Qb6 Re1 36. Qxd6+ Ka7 37. Qb6+ Kb8 38. Qd6+ Ka7 39. Qb6+
1/2-1/2

[Event "U.S. Amateur North U1600"]
[Site "Detroit, MI"]
[Date "2002.05.25"]
[Round "1.22"]
[White "Thumm, Jon"]
[Black "Pelt, Joshua"]
[Result "1-0"]
[WhiteElo "1250"]
[BlackElo "627"]
[PlyCount "43"]
[EventDate "2002.05.25"]

1. e4 e5 2. Nf3 Nc6 3. Bc4 Nf6 4. Qe2 Bc5 5. O-O O-O 6. c3 d6 7. d3 Bg4 8. Bg5
h6 9. Bh4 Na5 10. Nbd2 Nxc4 11. Nxc4 d5 12. Ncxe5 Qe7 13. Nxg4 Nxg4 14. Bxe7
Bxe7 15. exd5 Rfe8 16. Rfe1 Kf8 17. Qd2 Rad8 18. h3 Bg5 19. Rxe8+ Rxe8 20. Nxg5
hxg5 21. hxg4 Kg8 22. Qxg5 1-0

[Event "U.S. Amateur North U1600"]
[Site "Detroit, MI"]
[Date "2002.05.25"]
[Round "3.18"]
[White "Thumm, Jon"]
[Black "Brooks, Brandon"]
[Result "1-0"]
[WhiteElo "1250"]
[BlackElo "890"]
[PlyCount "72"]
[EventDate "2002.05.25"]

1. e4 c5 2. Nf3 d6 3. c3 Nf6 4. Be2 Nxe4 5. O-O e6 6. d4 d5 7. Nbd2 Nf6 8. Nb3
c4 9. Nbd2 Be7 10. Ne5 O-O 11. f4 b5 12. a3 Nbd7 13. Rf2 Bb7 14. b4 Nb6 15. Qf1
Na4 16. Nb1 Ne4 17. Rf3 f6 18. Ng4 Bc8 19. Bd1 Qb6 20. Bxa4 bxa4 21. Nf2 Nd6
22. Nh1 Nf5 23. Qf2 Bd6 24. Ng3 Nh4 25. Re3 f5 26. Nf1 Ng6 27. g3 a5 28. Nfd2
axb4 29. axb4 Bd7 30. Nf1 Rae8 31. Re2 Rf6 32. Rea2 Ra8 33. Ne3 Qb8 34. Nd1 Ne7
35. Nb2 Qe8 36. Qc2 Qh5 1-0

[Event "U.S. Amateur North U1600"]
[Site "Detroit, MI"]
[Date "2002.05.25"]
[Round "1.13"]
[White "Taliaferro II, Robert"]
[Black "Griffin, John"]
[Result "1/2-1/2"]
[WhiteElo "842"]
[BlackElo "1513"]
[PlyCount "91"]
[EventDate "2002.05.25"]

1. e4 c5 2. Nc3 Nc6 3. Bb5 Nd4 4. Nge2 Nxb5 5. Nxb5 a6 6. Nbc3 d6 7. d3 g6 8.
O-O Bg7 9. Bd2 e5 10. Nd5 Ne7 11. Nec3 Be6 12. Bg5 f6 13. Nxf6+ Bxf6 14. Bxf6
Qd7 15. Bxh8 O-O-O 16. Bf6 Rf8 17. Bxe7 Qxe7 18. Na4 Qg5 19. g3 Bh3 20. Nb6+
Kd8 21. c4 Qf6 22. Qa4 Rf7 23. Qa5 Ke8 24. Qa4+ Kd8 25. Nd5 Qf3 26. Qa5+ Ke8
27. Qa4+ Kf8 28. Ne3 h5 29. Qd1 Qf6 30. Nd5 Qd8 31. Re1 Bg4 32. Qb3 Kg7 33. Kg2
Bf3+ 34. Kg1 h4 35. Re3 hxg3 36. Rxf3 Rxf3 37. Qxb7+ Rf7 38. Qxa6 gxf2+ 39. Kf1
Qh4 40. Ne3 Qh3+ 41. Ke2 Qh5+ 42. Kd2 Qxh2 43. Rf1 Qf4 44. Qxd6 Rb7 45. b3 Ra7
46. a4 1/2-1/2

[Event "U.S. Amateur North U1600"]
[Site "Detroit, MI"]
[Date "2002.05.25"]
[Round "3.15"]
[White "Taliaferro I, Robert"]
[Black "Taliaferro II, Robert"]
[Result "1-0"]
[WhiteElo "1422"]
[BlackElo "842"]
[PlyCount "35"]
[EventDate "2002.05.25"]

1. d4 e6 2. e4 c6 3. c4 Bb4+ 4. Nc3 Qa5 5. Bd2 Bxc3 6. Bxc3 Qd8 7. d5 Nf6 8. e5
Ne4 9. dxe6 Nxc3 10. exf7+ Kxf7 11. Qb3 Ke6 12. Qxc3 Qg5 13. Nf3 Qf5 14. Rc1
Qe4+ 15. Be2 Na6 16. Ng5+ Kf5 17. Nxe4 Kxe4 18. O-O 1-0

[Event "U.S. Amateur North U1600"]
[Site "Detroit, MI"]
[Date "2002.05.25"]
[Round "1.18"]
[White "Taliaferro I, Robert"]
[Black "Pelt, Jlisa"]
[Result "1-0"]
[WhiteElo "1422"]
[BlackElo "739"]
[PlyCount "39"]
[EventDate "2002.05.25"]

1. d4 d5 2. c4 c5 3. dxc5 e6 4. Nc3 Bxc5 5. cxd5 Bb4 6. Qa4+ Nc6 7. dxc6 Bxc3+
8. bxc3 Qc7 9. cxb7+ Bd7 10. bxa8=Q+ Ke7 11. Qa3+ Kf6 12. Qf3+ Kg6 13. Qg3+
Qxg3 14. hxg3 h6 15. f4 f5 16. Nf3 Nf6 17. Qxa7 Kf7 18. Ne5+ Ke8 19. Qa8+ Ke7
20. Ba3# 1-0

[Event "U.S. Amateur North U1600"]
[Site "Detroit, MI"]
[Date "2002.05.25"]
[Round "3.25"]
[White "Taliaferro, Nataiya"]
[Black "Pelt, Jlisa"]
[Result "0-1"]
[WhiteElo "578"]
[BlackElo "739"]
[PlyCount "50"]
[EventDate "2002.05.25"]

1. e4 e5 2. d3 d5 3. Nc3 Bb4 4. Bd2 Be6 5. exd5 Bxd5 6. Nxd5 Bxd2+ 7. Qxd2 Qxd5
8. Nf3 Nf6 9. Be2 Nc6 10. O-O O-O-O 11. Rad1 Rd7 12. d4 exd4 13. Ng5 Rhd8 14.
Rfe1 Qxa2 15. Bf3 Qxb2 16. Qe2 Ne5 17. Qxe5 Qxc2 18. Bg4 Nxg4 19. Qe8 Qxf2+ 20.
Kh1 d3 21. Nxf7 Qd4 22. Re4 Nf6 23. Qf8 Rxf8 24. Ree1 Re7 25. Ng5 Rxe1+ 0-1